Loading...
| Fine Arts - Auditory Fine Arts | 1 | 20.00 | 100% | 100% | 0% |
| Fine Arts - Visual Fine Arts | 6 | 11.67 | 83% | 17% | 17% |
| Geography | 3 | 16.67 | 100% | 67% | 0% |
| History - American History | 1 | 20.00 | 100% | 100% | 0% |
| History - Ancient History | 1 | 10.00 | 100% | 0% | 0% |
| History - European History | 5 | 14.00 | 100% | 20% | 20% |
| History - World History | 1 | 10.00 | 100% | 0% | 0% |
| Literature - American Literature | 2 | 15.00 | 100% | 50% | 0% |
| Literature - British Literature | 3 | 13.33 | 100% | 0% | 33% |
| Literature - European Literature | 3 | 16.67 | 100% | 33% | 33% |
| Literature - World Literature | 1 | 10.00 | 0% | 100% | 0% |
| Mythology | 1 | 20.00 | 100% | 100% | 0% |
| Other Academic | 1 | 10.00 | 100% | 0% | 0% |
| Philosophy | 2 | 10.00 | 50% | 50% | 0% |
| Religion | 2 | 10.00 | 50% | 50% | 0% |
| Science - Biology | 2 | 5.00 | 50% | 0% | 0% |
| Science - Chemistry | 3 | 6.67 | 33% | 33% | 0% |
| Science - Other Science | 4 | 12.50 | 75% | 50% | 0% |
| Science - Physics | 4 | 10.00 | 75% | 25% | 0% |
| Social Science | 4 | 10.00 | 50% | 25% | 25% |